000 00287nam a22001337a 4500
008 181008b xxu||||| |||| 00| 0 eng d
020 _a9780023937217
041 _aeng
080 _a101
100 _a24
101 _aFIL
245 _aPhilosophical Topics
_cPaul.e
942 _2udc
_cBK
999 _c49053
_d49053